| 000 | 00350nam a2200145Ia 4500 | ||
|---|---|---|---|
| 008 | 150201s2005 xx 000 0 und d | ||
| 082 |
_a612 _bH2005J |
||
| 100 | _aJAIN,A.K. | ||
| 245 | _aHUMAN PHYSIOLOGY FOR BDS | ||
| 250 | _a3RD | ||
| 260 |
_bAVICHAL PUBLISHING CO. _aDELHI _c2005 |
||
| 300 | _a1-525 | ||
| 650 | _aPHYSIOLOGY | ||
| 942 |
_2ddc _cBK _013 |
||
| 999 |
_c3306 _d3306 |
||